Manual de agricultura tropical / (Record no. 24711)

MARC details
000 -LEADER
campo de control de longitud fija 00529nam a2200169 i 4500
001 - NÚMERO DE CONTROL
campo de control 24711
003 - IDENTIFICADOR DE NÚMERO DE CONTROL
campo de control ES-MaACL
005 - FECHA Y HORA DE LA ÚLTIMA TRANSACCIÓN
campo de control 20230906153117.0
007 - CAMPO FIJO DE DESCRIPCIÓN FÍSICA--INFORMACIÓN GENERAL
campo de control de longitud fija t|
008 - DATOS DE LONGITUD FIJA--INFORMACIÓN GENERAL
campo de control de longitud fija 021218s1931 cr ||||1| spa d
100 1# - ENTRADA PRINCIPAL--NOMBRE DE PERSONA
Nombre de persona Angelini de Libera, A.
9 (RLIN) 21716
245 10 - MENCIÓN DEL TÍTULO
Título Manual de agricultura tropical /
Mención de responsabilidad, etc. A. Angelini de Libera.
260 ## - PUBLICACIÓN, DISTRIBUCIÓN, ETC.
Lugar de publicación, distribución, etc. San José de Costa Rica :
Nombre del editor, distribuidor, etc. [s.n.],
Fecha de publicación, distribución, etc. 1931 (
Fabricante Impr. "La Tribuna")
300 ## - DESCRIPCIÓN FÍSICA
Extensión 168 p., 19 lám. ;
Dimensiones 21 cm.
650 #4 - PUNTO DE ACCESO ADICIONAL DE MATERIA--TÉRMINO DE MATERIA
Término de materia o nombre geográfico como elemento de entrada Agricultura-
Subdivisión geográfica Regiones tropicales.
9 (RLIN) 165311
852 ## - LOCALIZACIÓN
Ubicación ES-MaACL
Número de control de estantería A-1499
Holdings
Estatus retirado Estado de pérdida Estado de daño No para préstamo Biblioteca de origen Biblioteca actual Ubicación en estantería Fecha de adquisición Fuente de adquisición Total de préstamos Signatura topográfica completa Código de barras Visto por última vez Precio de reemplazo Tipo de ítem Koha
        Biblioteca del Ateneo de Madrid Biblioteca del Ateneo de Madrid Sala Pecera Planta 1 17/01/2008     A-1499 1025478 23/02/2023 23/02/2023 Libro impreso